000 00608nam a2200229Ia 4500
003 OSt
005 20221005120258.0
006 a|||||r|||| 00| 0
007 ta
008 221004b |||||||| |||| 00| 0 eng d
024 _a52793
037 _cTextual
040 _aCRL
_cCRL
_beng
041 _2eng
_aeng
082 _aQ8441:33w, D4
100 _aSewaram Singh
_973955
245 0 _aDivine master
_b A study of the life and teaching of Sri Guru Nanak Dev
260 _c1904
650 _aRELIGION
942 _hQ8441:33w, D4
_cTEXL
_2cc
999 _c1037520
_d1037520